<?xml version="1.0" encoding="UTF-8"?>
<record
    xmlns:xsi="http://www.w3.org/2001/XMLSchema-instance"
    xsi:schemaLocation="http://www.loc.gov/MARC21/slim http://www.loc.gov/standards/marcxml/schema/MARC21slim.xsd"
    xmlns="http://www.loc.gov/MARC21/slim">

  <leader>00212nam a2200085   4500</leader>
  <controlfield tag="001">1257688</controlfield>
  <controlfield tag="005">20260218115924.0</controlfield>
  <datafield tag="245" ind1=" " ind2=" ">
    <subfield code="a">KAYA&#xC7;LAR VE FOS&#x130;LLER</subfield>
    <subfield code="c">CHRISS PELLANT</subfield>
  </datafield>
  <datafield tag="260" ind1=" " ind2=" ">
    <subfield code="b">T&#xDC;RK&#x130;YE &#x130;&#x15E; BANKASI YAYINLARI</subfield>
  </datafield>
  <datafield tag="999" ind1=" " ind2=" ">
    <subfield code="c">1257688</subfield>
    <subfield code="d">1257688</subfield>
  </datafield>
  <datafield tag="952" ind1=" " ind2=" ">
    <subfield code="0">0</subfield>
    <subfield code="1">0</subfield>
    <subfield code="2">ddc</subfield>
    <subfield code="4">0</subfield>
    <subfield code="7">0</subfield>
    <subfield code="a">1057</subfield>
    <subfield code="b">1057</subfield>
    <subfield code="d">2026-02-18</subfield>
    <subfield code="l">0</subfield>
    <subfield code="o">Y1</subfield>
    <subfield code="p">10575763</subfield>
    <subfield code="r">2026-02-18 11:59:43</subfield>
    <subfield code="w">2026-02-18</subfield>
    <subfield code="y">BK</subfield>
  </datafield>
</record>
